Canciones por artista - Estadísticas

Estadísticas generales
  • Esta prueba ha sido intentada 1.055 veces
  • La puntuación promedio es 35 de 60
Estadísticas de respuestas
Pregunta Azulejo Select % Correcto
David Bisbal Macarena No
95%
David Bisbal Ausente No
94%
David Bisbal Gracias por venir No
94%
David Bisbal Lo saben mis zapatos No
93%
David Bisbal Bulería
92%
David Bisbal Ave María
90%
David Bisbal Cobarde No
89%
David Bisbal Corazón partío No
89%
Lola Índigo Diles No
87%
Bruno Mars Everglow No
86%
Bruno Mars Middle Ground No
86%
Lola Índigo Presiento No
86%
Lola Índigo 2 extraños No
85%
Lola Índigo Madrid City No
83%
Bruno Mars Stuck With U No
83%
Bruno Mars Dynamite No
81%
Lola Índigo Me he pillao x ti No
80%
Lola Índigo EL TONTO
77%
Bruno Mars Moves Like Jagger No
77%
Lola Índigo SI NO VAS A VOLVER No
77%
Bruno Mars All of the stars No
76%
Lady Gaga hostage No
76%
Lady Gaga Party in the USA No
72%
Bruno Mars The Lazy Song
70%
Lady Gaga Black Widow No
69%
Lady Gaga If I were a boy No
69%
Lola Índigo Ya no quiero ná
69%
Lady Gaga Bon Appétit No
67%
Bruno Mars 24K Magic
65%
Lady Gaga Alejandro
65%
Bruno Mars Marry you
64%
Lady Gaga Dance the night No
63%
Rocío Dúrcal Un canto a Galicia No
60%
Rocío Dúrcal Apuesta por el amor No
59%
Rocío Dúrcal Frente al espejo No
59%
David Bisbal A partir de hoy
58%
Rocío Dúrcal La Bikina No
58%
Bruno Mars Die With a Smile
53%
Lola Índigo 1000COSAS
51%
Bruno Mars Granade
51%
David Bisbal Esclavo de sus besos
49%
Rocío Dúrcal Ni te tengo, ni te olvido No
49%
Rocío Dúrcal A tu vera No
48%
Lady Gaga Bloody Mary
45%
Rocío Dúrcal La gata bajo la lluvia
45%
Lola Índigo LA TIRITA
43%
David Bisbal Lloraré las penas
35%
Rocío Dúrcal Me gustas mucho
32%
Lola Índigo LAS SOLTERAS
26%
Lady Gaga The Fame Monster
26%
Rocío Dúrcal Amor eterno
20%
David Bisbal Ay, ay, ay
18%
Lola Índigo Romeo y Julieta
17%
Rocío Dúrcal Como tu mujer
16%
Lady Gaga Babylon
15%
Rocío Dúrcal Déjame vivir
14%
Rocío Dúrcal No lastimes más
11%
Lady Gaga You & I
11%
Bruno Mars Chunky
7%
Lady Gaga Scheiße
7%
No se encontraron pruebas coincidentes
Distribución de puntuación
Porcentaje de gente con cada puntuación
Porcentaje por número respondido
Historial de tus puntuaciones
No has intentado esta prueba.